[Event "Madrid-ch Veteranos 2016/2017"]
[Site "Madrid ESP"]
[Date "2017.01.19"]
[Round "9.2"]
[White "Lopez De Turiso, Jose Angel"]
[Black "Nunez Munoz, Jesus"]
[Result "1/2-1/2"]
[WhiteElo "2019"]
[BlackElo "2186"]
[PlyCount "44"]
[EventDate "2017.01.09"]
[EventType "swiss"]
[EventRounds "9"]
[EventCountry "ESP"]
[SourceTitle "Ajedrez en Madrid"]
[Source "lmi"]
[SourceDate "2017.01.09"]

1. d4 d5 2. Bg5 c6 3. c3 Qb6 4. Qb3 Bf5 5. Nf3 Nd7 6. Nbd2 Ngf6 7. Nh4 Be6 8.
Bxf6 Nxf6 9. e3 g6 10. Bd3 Bg7 11. O-O O-O 12. Nhf3 Qc7 13. Qc2 c5 14. dxc5
Qxc5 15. e4 Nxe4 16. Nxe4 dxe4 17. Bxe4 Qc7 18. Ng5 Bc4 19. Bd3 Bd5 20. Be4 Bc4
21. Bd3 Bd5 22. Be4 Bc4 1/2-1/2

[Event "Madrid-ch Veteranos 2016/2017"]
[Site "Madrid ESP"]
[Date "2017.01.19"]
[Round "9.4"]
[White "Gonzalez Mateos, Rafael"]
[Black "Casares Ripoll, Fernando"]
[Result "1/2-1/2"]
[WhiteElo "1955"]
[BlackElo "2124"]
[PlyCount "44"]
[EventDate "2017.01.09"]
[EventType "swiss"]
[EventRounds "9"]
[EventCountry "ESP"]
[SourceTitle "Ajedrez en Madrid"]
[Source "lmi"]
[SourceDate "2017.01.09"]

1. d4 f5 2. g3 Nf6 3. Bg2 e6 4. Nf3 d5 5. O-O Bd6 6. b3 O-O 7. e3 Qe7 8. Bb2
Bd7 9. Nbd2 Be8 10. Ne5 Bh5 11. f3 Nc6 12. Nxc6 bxc6 13. Qe1 e5 14. e4 fxe4 15.
fxe4 Rae8 16. exd5 cxd5 17. dxe5 Bxe5 18. Bxe5 Qxe5 19. Qxe5 Rxe5 20. Rae1 Rfe8
21. Rxe5 Rxe5 22. h3 Bg6 1/2-1/2

[Event "Madrid-ch Veteranos 2016/2017"]
[Site "Madrid ESP"]
[Date "2017.01.19"]
[Round "9.5"]
[White "Martin Rodriguez, Emilio"]
[Black "Marcos Herrero, Francisco"]
[Result "1/2-1/2"]
[WhiteElo "2056"]
[BlackElo "1918"]
[PlyCount "101"]
[EventDate "2017.01.09"]
[EventType "swiss"]
[EventRounds "9"]
[EventCountry "ESP"]
[SourceTitle "Ajedrez en Madrid"]
[Source "lmi"]
[SourceDate "2017.01.09"]

1. d4 Nf6 2. c4 c5 3. d5 b5 4. Nf3 Bb7 5. Bg5 Ne4 6. Bf4 Qa5+ 7. Bd2 Nxd2 8.
Nfxd2 g6 9. Nc3 b4 10. Nb3 Qd8 11. Ne4 d6 12. Qc2 Bg7 13. h4 a5 14. Rd1 a4 15.
Nbd2 Qa5 16. e3 Nd7 17. Be2 a3 18. b3 O-O-O 19. h5 Kc7 20. f4 Bc8 21. Kf2 h6
22. hxg6 fxg6 23. Nf3 g5 24. fxg5 Rdf8 25. Kg1 hxg5 26. Rxh8 Rxh8 27. Nexg5 Ne5
28. Nf7 Nxf7 29. Qg6 Bf6 30. Qxf7 Bf5 31. Bd3 Bxd3 32. Rxd3 Qa8 33. e4 Qg8 34.
Qxg8 Rxg8 35. Kf2 Rh8 36. Rd1 Kd7 37. g3 Ke8 38. Kg2 Kf7 39. Re1 Bc3 40. Re2
Kf6 41. Rf2 Kg7 42. Rf1 Bf6 43. e5 Bxe5 44. Nxe5 dxe5 45. Rf5 e6 46. Rxe5 exd5
47. Rxd5 Re8 48. Kf2 Rh8 49. Kg2 Re8 50. Kf2 Rh8 51. Kg2 1/2-1/2

[Event "Madrid-ch Veteranos 2016/2017"]
[Site "Madrid ESP"]
[Date "2017.01.19"]
[Round "9.6"]
[White "Pashov, Spas Nikolov"]
[Black "Lorenzo Bailador, Alfredo"]
[Result "0-1"]
[WhiteElo "1870"]
[BlackElo "1999"]
[PlyCount "48"]
[EventDate "2017.01.09"]
[EventType "swiss"]
[EventRounds "9"]
[EventCountry "ESP"]
[SourceTitle "Ajedrez en Madrid"]
[Source "lmi"]
[SourceDate "2017.01.09"]

1. e4 e5 2. Nf3 Nc6 3. c3 Nf6 4. d4 Nxe4 5. d5 Ne7 6. Nxe5 Ng6 7. Qd4 Qf6 8.
Qxe4 Qxe5 9. Qxe5+ Nxe5 10. Bf4 d6 11. Nd2 Bf5 12. O-O-O O-O-O 13. Nb3 Be7 14.
Nd4 Bd7 15. f3 Bf6 16. Bb5 Rhe8 17. Bxd7+ Rxd7 18. Rhe1 Nd3+ 19. Rxd3 Rxe1+ 20.
Kd2 Rg1 21. g4 Bxd4 22. cxd4 Re7 23. h4 Rg2+ 24. Kc3 Ree2 0-1

[Event "Madrid-ch Veteranos 2016/2017"]
[Site "Madrid ESP"]
[Date "2017.01.19"]
[Round "9.7"]
[White "Paarup, Torsten"]
[Black "Fernandez Garcia, Ignacio"]
[Result "1-0"]
[WhiteElo "1979"]
[BlackElo "1833"]
[PlyCount "111"]
[EventDate "2017.01.09"]
[EventType "swiss"]
[EventRounds "9"]
[EventCountry "ESP"]
[SourceTitle "Ajedrez en Madrid"]
[Source "lmi"]
[SourceDate "2017.01.09"]

1. e4 e6 2. d4 d5 3. Nc3 Nf6 4. Bg5 Be7 5. e5 Nfd7 6. h4 a6 7. Nf3 c5 8. dxc5
Nxc5 9. Bd3 Nc6 10. Rh3 Qb6 11. Rb1 Qc7 12. Bxe7 Qxe7 13. h5 Qc7 14. Qe2 b5 15.
Kf1 b4 16. Nd1 a5 17. Rg3 g6 18. Ne3 Nxd3 19. cxd3 gxh5 20. Kg1 Bb7 21. Rg5 Qb6
22. Rxh5 Nd4 23. Nxd4 Qxd4 24. Ng4 O-O-O 25. Nf6 Ba6 26. Rh3 h5 27. Qe3 Qxe3
28. Rxe3 h4 29. d4 a4 30. a3 b3 31. Rc1+ Bc4 32. Rh3 Kb7 33. Rcc3 Kb6 34. g3
hxg3 35. Rcxg3 Bb5 36. Rxh8 Rxh8 37. Rg8 Rxg8+ 38. Nxg8 Bd3 39. Kg2 Kb5 40. Kf3
Kc4 41. Ke3 Bg6 42. Nf6 Bf5 43. Ne8 Kb5 44. Nd6+ Kc6 45. Nxf7 Bg6 46. Nd6 Kb6
47. Kf4 Kc7 48. Kg5 Bd3 49. Kf6 Kd7 50. Nb7 Kc6 51. Nc5 Bf1 52. Kxe6 Bh3+ 53.
Kf6 Kb5 54. e6 Bg4 55. Ke5 Kc4 56. f4 1-0

[Event "Madrid-ch Veteranos 2016/2017"]
[Site "Madrid ESP"]
[Date "2017.01.19"]
[Round "9.8"]
[White "Serrano Garcia, Vicente"]
[Black "Quintero Torres, Pedro"]
[Result "0-1"]
[WhiteElo "1807"]
[BlackElo "1942"]
[PlyCount "94"]
[EventDate "2017.01.09"]
[EventType "swiss"]
[EventRounds "9"]
[EventCountry "ESP"]
[SourceTitle "Ajedrez en Madrid"]
[Source "lmi"]
[SourceDate "2017.01.09"]

1. d4 c6 2. Nf3 d5 3. Bf4 Nf6 4. Nbd2 Bf5 5. e3 e6 6. h3 Bd6 7. Ne5 Ne4 8. Nxe4
Bxe4 9. f3 Bf5 10. h4 f6 11. Nd3 Bxf4 12. Nxf4 e5 13. dxe5 fxe5 14. Nh5 O-O 15.
g4 Bg6 16. Ng3 Qb6 17. Nf5 Bxf5 18. gxf5 Qxe3+ 19. Be2 Nd7 20. Kf1 Rxf5 21. Rg1
Raf8 22. Rg3 e4 23. Kg2 Ne5 24. fxe4 Rf2+ 25. Kh3 Qxe2 26. Qg1 R8f3 27. Re1
Rxg3+ 28. Qxg3 Qf3 29. exd5 Qxg3+ 30. Kxg3 Rf5 31. d6 Kf7 32. c4 b6 33. b4 c5
34. Rd1 Ke8 35. bxc5 bxc5 36. Rd5 Kd7 37. Rxc5 Kxd6 38. Rd5+ Ke6 39. Ra5 Nc6
40. Ra6 Kd6 41. Kg4 Ra5 42. Rxa5 Nxa5 43. Kf5 Nxc4 44. h5 Ke7 45. Kg5 Ke6 46.
Kf4 Nd6 47. Kg5 Ke5 0-1

[Event "Madrid-ch Veteranos 2016/2017"]
[Site "Madrid ESP"]
[Date "2017.01.19"]
[Round "9.9"]
[White "Campos Calvo-Sotelo, Juan"]
[Black "Lopez Heras, Arturo"]
[Result "1/2-1/2"]
[WhiteElo "1896"]
[BlackElo "1837"]
[PlyCount "78"]
[EventDate "2017.01.09"]
[EventType "swiss"]
[EventRounds "9"]
[EventCountry "ESP"]
[SourceTitle "Ajedrez en Madrid"]
[Source "lmi"]
[SourceDate "2017.01.09"]

1. b4 e5 2. a3 d5 3. e3 Nf6 4. c4 c6 5. Bb2 Bd6 6. Nf3 e4 7. Nd4 O-O 8. cxd5
cxd5 9. Nc3 Be5 10. Nce2 Re8 11. Qb3 Bd7 12. Ng3 g6 13. Be2 Nc6 14. Nxc6 bxc6
15. O-O Bxb2 16. Qxb2 a5 17. f3 Qe7 18. fxe4 Nxe4 19. Nxe4 Qxe4 20. Rf4 Qe5 21.
Qxe5 Rxe5 22. bxa5 Rxa5 23. Rb4 Ra7 24. a4 Kg7 25. a5 c5 26. Rb6 Re6 27. Rxe6
fxe6 28. Kf2 Kf6 29. d3 Bc8 30. Ke1 Ke5 31. Kd2 Kd6 32. Kc3 e5 33. d4 Ba6 34.
dxc5+ Kxc5 35. Bxa6 Rxa6 36. Kb3 Kb5 37. Rd1 Rd6 38. Ra1 Ra6 39. Rd1 Rd6
1/2-1/2

[Event "Madrid-ch Veteranos 2016/2017"]
[Site "Madrid ESP"]
[Date "2017.01.19"]
[Round "9.10"]
[White "Hernandez Gutierrez, Jose"]
[Black "Kejo, Janne"]
[Result "0-1"]
[WhiteElo "1816"]
[BlackElo "2059"]
[PlyCount "181"]
[EventDate "2017.01.09"]
[EventType "swiss"]
[EventRounds "9"]
[EventCountry "ESP"]
[SourceTitle "Ajedrez en Madrid"]
[Source "lmi"]
[SourceDate "2017.01.09"]

1. d4 Nf6 2. c4 e6 3. g3 c6 4. Nf3 d5 5. Bg2 Nbd7 6. Qc2 Be7 7. O-O O-O 8. b3
Re8 9. Bb2 Nf8 10. Ne5 Bd7 11. Nc3 Rc8 12. e4 Qc7 13. c5 dxe4 14. Nxe4 Nd5 15.
a3 Red8 16. Rad1 Be8 17. Nc4 f6 18. Ned6 Bg6 19. Qe2 Rb8 20. Bh3 Qd7 21. Rfe1
Nc7 22. Nf5 Bxf5 23. Bxf5 exf5 24. Qxe7 Qxe7 25. Rxe7 Nd5 26. Ree1 f4 27. Re4
fxg3 28. hxg3 Ng6 29. Rde1 Kf8 30. Nd6 Nh8 31. f4 Nf7 32. Nf5 Rd7 33. Ne3 Nc7
34. a4 Re8 35. Rxe8+ Nxe8 36. b4 Nc7 37. Kf2 Nd5 38. Nc2 Re7 39. Rxe7 Kxe7 40.
b5 Ke6 41. Kf3 h5 42. Na3 Ne7 43. Nc4 Nf5 44. g4 hxg4+ 45. Kxg4 Ne7 46. Kf3 Nd8
47. Ke4 f5+ 48. Kd3 Nd5 49. Bc1 Nf7 50. Na5 Nd8 51. Bd2 g6 52. Nc4 Nf7 53. Na5
Nd8 54. Nc4 Ne7 55. Ba5 Nf7 56. Bc7 Nd5 57. Be5 Nd8 58. Na5 Kd7 59. Bb8 Ne6 60.
Nxb7 cxb5 61. axb5 Kc8 62. Na5 Kxb8 63. Nc6+ Kb7 64. Ne5 Ndxf4+ 65. Kc4 Nc7 66.
Nf7 Nfd5 67. Nd6+ Kb8 68. b6 axb6 69. cxb6 Nxb6+ 70. Kd3 Ncd5 71. Ke2 Kc7 72.
Nf7 Nc4 73. Kf3 Nd6 74. Ne5 g5 75. Nd3 Kd7 76. Ne5+ Ke6 77. Nd3 Nb5 78. Nc5+
Kf6 79. Nd7+ Kg7 80. Ne5 Nxd4+ 81. Kf2 Kf6 82. Nd3 Nc6 83. Kg3 Ne5 84. Nc5 Nc3
85. Nb3 f4+ 86. Kg2 g4 87. Nd4 Nd3 88. Nb3 Ke5 89. Nd2 Nd5 90. Nc4+ Kd4 91. Nd2
0-1

[Event "Madrid-ch Veteranos 2016/2017"]
[Site "Madrid ESP"]
[Date "2017.01.19"]
[Round "9.11"]
[White "Cabanas Bravo, Juan Andres"]
[Black "Camarero Izquierdo, Juan Carlos"]
[Result "1-0"]
[WhiteElo "2008"]
[BlackElo "1732"]
[PlyCount "65"]
[EventDate "2017.01.09"]
[EventType "swiss"]
[EventRounds "9"]
[EventCountry "ESP"]
[SourceTitle "Ajedrez en Madrid"]
[Source "lmi"]
[SourceDate "2017.01.09"]

1. e4 c5 2. Nf3 d6 3. d4 cxd4 4. Nxd4 Nf6 5. Nc3 a6 6. f3 e6 7. Be3 Be7 8. Qd2
O-O 9. g4 b5 10. O-O-O Bb7 11. g5 Nfd7 12. h4 Nc6 13. Bg2 Na5 14. f4 Nc4 15.
Qe2 Rc8 16. Kb1 Nxe3 17. Qxe3 Nb6 18. g6 hxg6 19. h5 g5 20. h6 g6 21. fxg5 Bxg5
22. Qh3 Kh7 23. e5 Bxg2 24. Qxg2 d5 25. Rdg1 Be3 26. Nxe6 Qe7 27. Nxf8+ Rxf8
28. Rd1 d4 29. Nd5 Nxd5 30. Qxd5 Rd8 31. Qb3 Rd7 32. Rdf1 Bxh6 33. Qh3 1-0

[Event "Madrid-ch Veteranos 2016/2017"]
[Site "Madrid ESP"]
[Date "2017.01.19"]
[Round "9.12"]
[White "Sotoca Aguado, Jose"]
[Black "Osuna Osuna, Francisco"]
[Result "1-0"]
[WhiteElo "1924"]
[BlackElo "1488"]
[PlyCount "123"]
[EventDate "2017.01.09"]
[EventType "swiss"]
[EventRounds "9"]
[EventCountry "ESP"]
[SourceTitle "Ajedrez en Madrid"]
[Source "lmi"]
[SourceDate "2017.01.09"]

1. e4 d5 2. exd5 Qxd5 3. Nc3 Qa5 4. d4 Nf6 5. Bd3 c6 6. Bd2 Qd8 7. Nge2 Bg4 8.
f3 Bh5 9. O-O e6 10. Ne4 Nxe4 11. Bxe4 Bg6 12. c3 Bxe4 13. fxe4 Nd7 14. Ng3 Nf6
15. Bg5 Be7 16. Qf3 O-O 17. Bxf6 Bxf6 18. Rad1 Bh4 19. Nh5 g6 20. Nf4 Bf6 21.
e5 Bg7 22. Qg4 Qe7 23. Nd3 b6 24. Qe4 c5 25. Nf4 cxd4 26. Rxd4 Rad8 27. Rfd1
Rxd4 28. Rxd4 Rd8 29. Nd3 Rxd4 30. cxd4 Qd7 31. h3 Qa4 32. a3 Qd7 33. Kh2 Qe7
34. h4 Qc7 35. Kh3 h5 36. Qa8+ Kh7 37. Qe4 Kg8 38. a4 Qd7 39. b3 Kh7 40. Nf4
Kh6 41. g3 Qe7 42. Nd3 Kh7 43. b4 Kg8 44. a5 bxa5 45. bxa5 Qa3 46. d5 exd5 47.
Qxd5 Qe7 48. Kg2 g5 49. Qa8+ Kh7 50. Qe4+ Kg8 51. hxg5 Qxg5 52. a6 Qe7 53. Qf5
Qa3 54. Qc8+ Kh7 55. Qf5+ Kg8 56. Nf4 Qxa6 57. e6 Qa2+ 58. Kh3 Qa1 59. exf7+
Kh8 60. Ng6+ Kh7 61. Nf8+ Kh6 62. Qg6# 1-0

[Event "Madrid-ch Veteranos 2016/2017"]
[Site "Madrid ESP"]
[Date "2017.01.19"]
[Round "9.13"]
[White "Suarez Mencia, Roberto"]
[Black "Losada Gonzalez, Andres"]
[Result "0-1"]
[WhiteElo "1433"]
[BlackElo "1772"]
[PlyCount "56"]
[EventDate "2017.01.09"]
[EventType "swiss"]
[EventRounds "9"]
[EventCountry "ESP"]
[SourceTitle "Ajedrez en Madrid"]
[Source "lmi"]
[SourceDate "2017.01.09"]

1. c4 e5 2. g3 Nf6 3. Bg2 d6 4. e3 c5 5. Ne2 Nc6 6. Nbc3 g6 7. d4 exd4 8. exd4
Bf5 9. O-O Bg7 10. Bg5 h6 11. Bxf6 Bxf6 12. d5 Ne7 13. Nf4 h5 14. Qf3 Qd7 15.
Rfe1 Kf8 16. Rad1 Bg4 17. Nxg6+ Kg7 18. Qe3 Nxg6 19. Rd2 Rac8 20. Ne4 Qe7 21.
Qd3 Bd4 22. h3 Bf5 23. Rde2 Qd7 24. Kh2 h4 25. Qf3 Be5 26. Re3 hxg3+ 27. fxg3
Nh4 28. Qf2 Nxg2 0-1

[Event "Madrid-ch Veteranos 2016/2017"]
[Site "Madrid ESP"]
[Date "2017.01.19"]
[Round "9.14"]
[White "Martin Martin, Luis Vicente"]
[Black "Hernandez Garcia, Carlos"]
[Result "1-0"]
[WhiteElo "1943"]
[BlackElo "1735"]
[PlyCount "115"]
[EventDate "2017.01.09"]
[EventType "swiss"]
[EventRounds "9"]
[EventCountry "ESP"]
[SourceTitle "Ajedrez en Madrid"]
[Source "lmi"]
[SourceDate "2017.01.09"]

1. e4 c5 2. Nf3 d6 3. d4 cxd4 4. Qxd4 Nc6 5. Bb5 Bd7 6. Bxc6 Bxc6 7. Nc3 h6 8.
Be3 Nf6 9. O-O-O g6 10. e5 dxe5 11. Qxd8+ Rxd8 12. Rxd8+ Kxd8 13. Nxe5 Rh7 14.
Nxc6+ bxc6 15. Bxa7 Kc7 16. Bd4 Nd7 17. Re1 f6 18. Ne4 Rf7 19. Nc5 Nxc5 20.
Bxc5 e5 21. Bxf8 Rxf8 22. a4 c5 23. b3 Kc6 24. Rd1 e4 25. Kd2 f5 26. Ke3 Ra8
27. Kf4 Re8 28. h4 h5 29. g3 Re6 30. Rd8 Kc7 31. Rd2 Kc6 32. Rd8 Kc7 33. Rd5
Kc6 34. c4 Kb6 35. a5+ Kc6 36. Kg5 e3 37. fxe3 Rxe3 38. Kxg6 Rxg3+ 39. Kxh5 f4
40. Rf5 f3 41. Rf6+ Kb7 42. Kh6 Ka7 43. h5 Kb7 44. Kh7 Ka7 45. h6 Kb7 46. Rf5
Kc6 47. a6 Kb6 48. a7 Kxa7 49. Rxc5 f2 50. Rf5 Rg2 51. Rf6 Kb7 52. b4 Kc7 53.
b5 Kb7 54. c5 Kc7 55. Rf7+ Kc8 56. b6 Rg1 57. Rxf2 Rc1 58. Rf8+ 1-0

[Event "Madrid-ch Veteranos 2016/2017"]
[Site "Madrid ESP"]
[Date "2017.01.19"]
[Round "9.15"]
[White "Martin-Consuegra Barrilero, Francisco Javier"]
[Black "Martinez Pintor, Juan"]
[Result "1-0"]
[WhiteElo "1855"]
[BlackElo "1664"]
[PlyCount "63"]
[EventDate "2017.01.09"]
[EventType "swiss"]
[EventRounds "9"]
[EventCountry "ESP"]
[SourceTitle "Ajedrez en Madrid"]
[Source "lmi"]
[SourceDate "2017.01.09"]

1. d4 d5 2. Bf4 Nf6 3. e3 c5 4. c3 Qb6 5. Qb3 c4 6. Qc2 g6 7. Nd2 Bf5 8. Qc1
Nbd7 9. Ngf3 Ne4 10. Nxe4 Bxe4 11. Be2 Bg7 12. O-O O-O 13. Nd2 Nf6 14. Be5 Bf5
15. b3 cxb3 16. axb3 Rfc8 17. Qb2 Ne4 18. Nxe4 Bxe4 19. Bxg7 Kxg7 20. Rfc1 Rc6
21. c4 f6 22. c5 Qd8 23. b4 a6 24. Ra2 b5 25. Rca1 Qb8 26. Ra5 Rc7 27. Rxa6
Rxa6 28. Rxa6 Bf5 29. Qa2 Qb7 30. Qa5 Bd7 31. Rb6 Qa7 32. Bxb5 1-0

[Event "Madrid-ch Veteranos 2016/2017"]
[Site "Madrid ESP"]
[Date "2017.01.19"]
[Round "9.16"]
[White "Calderon Martin, Antonio"]
[Black "Martinez De La Puente, Ignacio"]
[Result "1-0"]
[WhiteElo "1699"]
[BlackElo "1706"]
[PlyCount "87"]
[EventDate "2017.01.09"]
[EventType "swiss"]
[EventRounds "9"]
[EventCountry "ESP"]
[SourceTitle "Ajedrez en Madrid"]
[Source "lmi"]
[SourceDate "2017.01.09"]

1. e4 e6 2. d4 d5 3. e5 c5 4. c3 Nc6 5. Nf3 Bd7 6. Bd3 Qb6 7. Be2 Rc8 8. O-O
cxd4 9. cxd4 Nge7 10. Nc3 Nf5 11. Na4 Qd8 12. g4 Nh4 13. Kh1 Nxf3 14. Bxf3 b5
15. Nc3 Qb6 16. Be3 Bb4 17. Bg2 O-O 18. f4 f6 19. Bg1 fxe5 20. dxe5 Qb7 21. f5
Bxc3 22. bxc3 Nxe5 23. Re1 Qc7 24. fxe6 Bc6 25. h3 Ng6 26. Qd4 a6 27. Bh2 Qe7
28. Re3 Rf6 29. Rae1 Rcf8 30. Bg3 h6 31. Qb6 Bb7 32. Bd6 Qd8 33. Qxd8 Rxd8 34.
e7 Re8 35. Re6 Rxe6 36. Rxe6 Kf7 37. Re2 Nxe7 38. Rd2 Ke6 39. Bb4 Rd8 40. Re2+
Kd7 41. Rxe7+ Kc6 42. Rxg7 Re8 43. Rg6+ Kd7 44. Rxh6 1-0

[Event "Madrid-ch Veteranos 2016/2017"]
[Site "Madrid ESP"]
[Date "2017.01.19"]
[Round "9.18"]
[White "Lopez Orellana, Federico"]
[Black "Martin Rodriguez, Jose Luis"]
[Result "1-0"]
[WhiteElo "1756"]
[BlackElo "1327"]
[PlyCount "113"]
[EventDate "2017.01.09"]
[EventType "swiss"]
[EventRounds "9"]
[EventCountry "ESP"]
[SourceTitle "Ajedrez en Madrid"]
[Source "lmi"]
[SourceDate "2017.01.09"]

1. d4 Nf6 2. Bf4 e6 3. e3 d5 4. Bd3 Be7 5. c3 c5 6. Nd2 Nc6 7. Ngf3 c4 8. Bc2
b5 9. Ne5 Bb7 10. Qe2 h6 11. O-O Qb6 12. Ndf3 Nd7 13. Nxd7 Kxd7 14. e4 dxe4 15.
Bxe4 Bd6 16. Bxd6 Kxd6 17. Rad1 Rad8 18. d5 exd5 19. Bxd5 Kc7 20. Bxf7 Rhf8 21.
Ne5 Qc5 22. Nxc6 Qxc6 23. Qe7+ Kb6 24. f3 Qc5+ 25. Qxc5+ Kxc5 26. Bg6 a5 27.
Rfe1 Bc6 28. Re5+ Kb6 29. Rde1 Rd2 30. R1e2 Rfd8 31. Kf2 R8d6 32. Ke3 Rd1 33.
Bf5 Rg1 34. Kf4 Rf6 35. Kg3 Rd1 36. Bh7 Rd8 37. Re6 Rd6 38. Rxf6 Rxf6 39. Rd2
Kc7 40. Be4 Bxe4 41. fxe4 Rd6 42. Rxd6 Kxd6 43. Kf4 Ke6 44. h4 Kf6 45. e5+ Ke6
46. g4 g6 47. Ke4 b4 48. cxb4 axb4 49. Kd4 c3 50. bxc3 bxc3 51. Kxc3 Kxe5 52.
a4 Kd5 53. a5 Kc5 54. a6 Kb6 55. Kd4 Kxa6 56. Ke5 h5 57. g5 1-0

[Event "Madrid-ch Veteranos 2016/2017"]
[Site "Madrid ESP"]
[Date "2017.01.19"]
[Round "9.19"]
[White "Ghavami, Mahmoud"]
[Black "Ramos Antona, Enrique"]
[Result "0-1"]
[WhiteElo "1566"]
[BlackElo "1593"]
[PlyCount "54"]
[EventDate "2017.01.09"]
[EventType "swiss"]
[EventRounds "9"]
[EventCountry "ESP"]
[SourceTitle "Ajedrez en Madrid"]
[Source "lmi"]
[SourceDate "2017.01.09"]

1. d4 d5 2. Bf4 c6 3. Nf3 Nf6 4. e3 Nh5 5. Bg3 Bg4 6. Be2 Nd7 7. Nbd2 g6 8. Ne5
Bxe2 9. Qxe2 Nxg3 10. hxg3 Nxe5 11. dxe5 Qa5 12. c3 Bg7 13. f4 Qa4 14. Nb3 b6
15. Nd4 Rc8 16. a3 Qc4 17. Qc2 c5 18. b3 Qa6 19. Nf3 b5 20. Kf2 f6 21. exf6
Bxf6 22. f5 Bg7 23. Ng5 gxf5 24. Nxh7 Qg6 25. Qd3 a6 26. Qxd5 Rd8 27. Qb7 Rd2+
0-1

[Event "Madrid-ch Veteranos 2016/2017"]
[Site "Madrid ESP"]
[Date "2017.01.19"]
[Round "9.20"]
[White "Martinez Martinez, Javier Ii"]
[Black "De Juan Rivas, Antonio"]
[Result "1-0"]
[WhiteElo "1711"]
[BlackElo "1682"]
[PlyCount "79"]
[EventDate "2017.01.09"]
[EventType "swiss"]
[EventRounds "9"]
[EventCountry "ESP"]
[SourceTitle "Ajedrez en Madrid"]
[Source "lmi"]
[SourceDate "2017.01.09"]

1. d4 Nf6 2. Bg5 Ne4 3. Bh4 g5 4. f3 gxh4 5. fxe4 d6 6. e3 Bh6 7. Bc4 e6 8. Nf3
Bxe3 9. Qe2 Bf4 10. Nc3 Bd7 11. Rf1 h6 12. Qf2 Qe7 13. d5 e5 14. Nxh4 Rg8 15.
g3 Bg5 16. Nf5 Bxf5 17. Qxf5 Nd7 18. a4 Be3 19. Rf3 Bd4 20. O-O-O a6 21. Ne2
Bc5 22. Rdf1 O-O-O 23. Qh3 f6 24. Rxf6 Kb8 25. Rf7 Qe8 26. Kd2 Rf8 27. Qe6 Rxf7
28. Rxf7 b5 29. Qxe8 Rxe8 30. Bxb5 axb5 31. Rxd7 Rg8 32. Rf7 Rg4 33. Kd3 Bb4
34. c3 Bc5 35. h4 Bg1 36. Nxg1 Rxg3+ 37. Nf3 Rg2 38. Rf6 Rg3 39. Ke3 Rg2 40.
Rxh6 1-0

[Event "Madrid-ch Veteranos 2016/2017"]
[Site "Madrid ESP"]
[Date "2017.01.19"]
[Round "9.21"]
[White "Rueda Maria, Ramiro"]
[Black "Salgado Duarte, Pablo"]
[Result "1-0"]
[WhiteElo "1860"]
[BlackElo "1574"]
[PlyCount "63"]
[EventDate "2017.01.09"]
[EventType "swiss"]
[EventRounds "9"]
[EventCountry "ESP"]
[SourceTitle "Ajedrez en Madrid"]
[Source "lmi"]
[SourceDate "2017.01.09"]

1. c4 e5 2. Nc3 Nf6 3. Nf3 Nc6 4. d4 exd4 5. Nxd4 Ne5 6. e3 d6 7. Be2 Be7 8. b3
Bd7 9. Bb2 O-O 10. O-O a6 11. Qc2 Nc6 12. Bf3 Nb4 13. Qd2 c5 14. Nde2 Rb8 15.
a3 Nc6 16. Nf4 Ne5 17. Be2 Bc6 18. Rad1 Ne4 19. Nxe4 Bxe4 20. Nd5 Bxd5 21. Qxd5
b5 22. Bxe5 dxe5 23. Qxe5 Qe8 24. Rd5 b4 25. a4 Rb7 26. Rfd1 Rb6 27. Bg4 Rb7
28. Bd7 f6 29. Qe4 Rxd7 30. Rxd7 Rf7 31. Ra7 f5 32. Qd5 1-0

[Event "Madrid-ch Veteranos 2016/2017"]
[Site "Madrid ESP"]
[Date "2017.01.19"]
[Round "9.22"]
[White "Villodre Miranda, Juan Alonso"]
[Black "Infante Martin, Alonso"]
[Result "0-1"]
[WhiteElo "1652"]
[BlackElo "1396"]
[PlyCount "32"]
[EventDate "2017.01.09"]
[EventType "swiss"]
[EventRounds "9"]
[EventCountry "ESP"]
[SourceTitle "Ajedrez en Madrid"]
[Source "lmi"]
[SourceDate "2017.01.09"]

1. c4 e6 2. d4 c6 3. e3 d5 4. b3 Nf6 5. Bd3 Nbd7 6. Ne2 Bd6 7. O-O e5 8. c5 Bc7
9. b4 e4 10. Bc2 Bxh2+ 11. Kxh2 Ng4+ 12. Kg3 Qg5 13. f4 Qg6 14. f5 Qg5 15. Kh3
Ndf6 16. g3 Qh5+ 0-1

[Event "Madrid-ch Veteranos 2016/2017"]
[Site "Madrid ESP"]
[Date "2017.01.19"]
[Round "9.23"]
[White "Martinez Carrasco, Jesus"]
[Black "Cupeiro Fernandez, Manuel"]
[Result "1-0"]
[WhiteElo "1636"]
[BlackElo "1525"]
[PlyCount "107"]
[EventDate "2017.01.09"]
[EventType "swiss"]
[EventRounds "9"]
[EventCountry "ESP"]
[SourceTitle "Ajedrez en Madrid"]
[Source "lmi"]
[SourceDate "2017.01.09"]

1. d4 d6 2. c4 c6 3. Nc3 Nf6 4. Nf3 h6 5. e3 Bf5 6. Be2 e6 7. O-O Be7 8. Re1
O-O 9. h3 Nbd7 10. Bf1 d5 11. b3 Bh7 12. Bb2 Bb4 13. a3 Ba5 14. b4 Bc7 15. Nd2
Rc8 16. e4 dxc4 17. Bxc4 Nb6 18. e5 Nxc4 19. Nxc4 Nd5 20. Ne2 Qg5 21. Ng3 Rcd8
22. Ne4 Bxe4 23. Rxe4 Nf4 24. Qf3 Ng6 25. Rg4 Qf5 26. Qxf5 exf5 27. Rg3 Kh7 28.
Re3 Nf4 29. Rae1 Ne6 30. Rd1 Rd5 31. g3 Rfd8 32. Red3 g6 33. f4 h5 34. h4 Kg7
35. Kg2 Kf8 36. Kf3 Ke8 37. Ne3 R5d7 38. d5 cxd5 39. Nxd5 Kf8 40. Ke2 Bb8 41.
Nf6 Rxd3 42. Rxd3 Rxd3 43. Kxd3 b5 44. Nd7+ Ke7 45. Nxb8 Ke8 46. Bd4 Nxd4 47.
Kxd4 Kd8 48. Kc5 Kc7 49. Na6+ Kb7 50. Kxb5 Kc8 51. Kc6 Kd8 52. Nc5 Kc8 53. a4
Kb8 54. Kd7 1-0

[Event "Madrid-ch Veteranos 2016/2017"]
[Site "Madrid ESP"]
[Date "2017.01.19"]
[Round "9.26"]
[White "Perez Ramos, Miguel Angel"]
[Black "Benitez Cadenas, Luis Miguel"]
[Result "0-1"]
[WhiteElo "1188"]
[BlackElo "1595"]
[PlyCount "100"]
[EventDate "2017.01.09"]
[EventType "swiss"]
[EventRounds "9"]
[EventCountry "ESP"]
[SourceTitle "Ajedrez en Madrid"]
[Source "lmi"]
[SourceDate "2017.01.09"]

1. e4 e6 2. Nf3 d5 3. exd5 exd5 4. d4 Bd6 5. Nc3 Ne7 6. Bd3 Nbc6 7. a3 Bg4 8.
Bd2 Nxd4 9. h3 Nxf3+ 10. gxf3 Bh5 11. Qe2 c6 12. Na2 Qc7 13. Rg1 Bg6 14. O-O-O
O-O-O 15. Qe1 Bxd3 16. cxd3 Ng6 17. Ba5 b6 18. Bc3 Rde8 19. Qf1 f6 20. Kb1 Re7
21. Qg2 Nf4 22. Qg4+ Qd7 23. Qxd7+ Kxd7 24. h4 Be5 25. d4 Bd6 26. Nc1 Rhe8 27.
Bd2 Ne6 28. Ne2 Nf8 29. Be3 Rf7 30. Rh1 Ng6 31. Ng1 Ne7 32. Nh3 Nf5 33. h5 Nxe3
34. fxe3 Rxe3 35. f4 Rf3 36. Rdf1 Rxf1+ 37. Rxf1 c5 38. dxc5 bxc5 39. f5 Kc6
40. Nf2 Rb7 41. Re1 Re7 42. Rh1 Bg3 43. Ng4 Re1+ 44. Rxe1 Bxe1 45. h6 gxh6 46.
Nxf6 Kd6 47. Nxh7 Ke7 48. f6+ Kf7 49. Kc2 Bh4 50. b4 cxb4 0-1

[Event "Madrid-ch Veteranos 2016/2017"]
[Site "Madrid ESP"]
[Date "2017.01.19"]
[Round "9.27"]
[White "Rufo Yebra, Benito"]
[Black "Beekhof Harmsen, Willen"]
[Result "0-1"]
[WhiteElo "1352"]
[BlackElo "1555"]
[PlyCount "74"]
[EventDate "2017.01.09"]
[EventType "swiss"]
[EventRounds "9"]
[EventCountry "ESP"]
[SourceTitle "Ajedrez en Madrid"]
[Source "lmi"]
[SourceDate "2017.01.09"]

1. e4 g6 2. Bc4 Bg7 3. c3 c6 4. d4 b5 5. Bb3 e6 6. Be3 a5 7. Nf3 a4 8. Bc2 Ne7
9. Qd2 f5 10. Bh6 O-O 11. Bxg7 Kxg7 12. exf5 exf5 13. O-O d6 14. b4 Be6 15. Qf4
Nd5 16. Qg3 f4 17. Qh4 Qxh4 18. Nxh4 Nd7 19. Nf3 h6 20. Bd3 Bf5 21. Be2 Rae8
22. c4 Nxb4 23. Nc3 Nc2 24. Rad1 b4 25. Nxa4 Rxe2 26. d5 c5 27. Nh4 Ra8 28.
Nxf5+ gxf5 29. Nb2 Rxa2 30. Nd3 Ne3 31. Nc1 Rxf2 32. Nxa2 Rxg2+ 33. Kh1 Rxa2
34. Rg1+ Kf6 35. Rde1 Ne5 36. Rg8 Nf3 37. Rf8+ Ke7 0-1